| 000 | 00441nam a2200133Ia 4500 | ||
|---|---|---|---|
| 008 | 170516s9999 xx 000 0 und d | ||
| 245 | _aLow Molecular Weight Hydroxyethyl Chitosan-Prednisolone Conjugate for Renal Targeting Therapy: Synthesis, Characterization and In Vivo Studies | ||
| 260 | _bTheranostics | ||
| 260 | _c2012 | ||
| 300 | _a2:11 | ||
| 650 | _xMedical Technology | ||
| 650 | _xMedtech | ||
| 856 | _uhttp://www.thno.org/v2i11 | ||
| 999 |
_c330437 _d330437 |
||